|
|
|
|
| LEADER |
00000nam0a2200000 4500 |
| 001 |
289115 |
| 005 |
20231102000145.0 |
| 010 |
|
|
|a 9785170836642
|
| 035 |
|
|
|a (RuTPU)RU\TPU\book\313620
|
| 090 |
|
|
|a 289115
|
| 100 |
|
|
|a 20150331d2014 m y0rusy50 ca
|
| 101 |
0 |
|
|a rus
|
| 102 |
|
|
|a RU
|
| 105 |
|
|
|a y z 000ay
|
| 200 |
1 |
|
|a Дело о таинственном наследстве
|e роман
|f Т. В. Молчанова
|
| 210 |
|
|
|a Москва
|c АСТ
|d 2014
|
| 215 |
|
|
|a 382 с.
|
| 225 |
1 |
|
|a Детектив Серебряного века
|
| 330 |
|
|
|a Конец 19 века, Псковская губерния. С графом Орловым, приехавшим погостить у своей тетушки, происходят странные события. Не менее загадочные вещи случаются и на глазах у Наташи Красковой — молоденькой княжны, живущей с отцом в имении неподалеку от тетушки. Княжна, с детства обожающая всякие тайны, пытается понять, что стоит за всеми этими происшествиями. Ей помогает ее друг — бывший дворовый Василий. До поры до времени все Наташины расследования походили на интересную игру, пока на ее именинах не умирает тетушка Орлова и в уезд не приезжает следователь по особо важным делам расследовать эту смерть, оказавшуюся убийством...
|
| 606 |
1 |
|
|a Русская литература современная
|2 stltpush
|3 (RuTPU)RU\TPU\subj\26373
|9 50316
|
| 610 |
1 |
|
|a проза
|
| 610 |
1 |
|
|a романы
|
| 610 |
1 |
|
|a детективы
|
| 675 |
|
|
|a Р2
|v 4
|
| 700 |
|
1 |
|a Молчанова
|b Т. В.
|g Татьяна Владимировна
|
| 801 |
|
1 |
|a RU
|b 63413507
|c 20150331
|
| 801 |
|
2 |
|a RU
|b 63413507
|c 20150707
|g RCR
|
| 942 |
|
|
|c BK
|
| 959 |
|
|
|a 29/20150330
|d 1
|e 177,80
|f ХФ:1
|